00807nam a22002177a 4500003000200000005001700002008004100019020001800060050002400078100003500102245008400137250001900221260007100240300003000311504005200341650004800393650002400441650004300465650005500508700002600563020250506123722.0250506b xxu||||| |||| 00| 0 eng d a9786214271375 aK 1705 b.P419 2023 aPeñaflor, Lito A. e[author] aLabor laws and social legislation c Lito A. Peñaflor and Karyl O. Peñaflor aSecond edition aManilabUnlimited Books Library Services & Publishing Inc. cc2023 axii, 457 pages ; c26cm.  aIncludes bibliographical references and index.  aLabor laws and legislation -- Philippines.  aSocial legislation. aEmployee rights—Law and legislation. aLabor policy—Law and legislation—Philippines.  aPeñaflor, Karyl O.